Normal view MARC view

Entry Topical Term

Number of records used in: 3

001 - CONTROL NUMBER

  • control field: 16886

003 - CONTROL NUMBER IDENTIFIER

  • control field: dpl

005 - DATE AND TIME OF LATEST TRANSACTION

  • control field: 20100826103408.0

008 - FIXED-LENGTH DATA ELEMENTS

  • fixed length control field: 100826|||a|||||| | ||| d

040 ## - CATALOGING SOURCE

  • Original cataloging agency: dpl
  • Transcribing agency: dpl

150 ## - HEADING--TOPICAL TERM

  • Topical term or geographic name as entry element: Socialism

670 ## - SOURCE DATA FOUND

  • Source citation: Work cat.: (dpl)42788: Bose, Deepayan 16885, Immortal are the flames of proletarian struggles /, 2008

670 ## - SOURCE DATA FOUND

  • Source citation: Work cat.: (dpl)42788: Bose, Deepayan 16885, Immortal are the flames of proletarian struggles /, 2008

© Delhi Public Library
Hit Counter
free hit counter